000 00727nam a2200217Ia 4500
001 10846
003 GE_BSU
008 181216s||||||||xx |||||||||||||| ||und||
040 _cGE_BSU
100 _aქვლივიძე,მიხეილ
245 _aგაგრძელება იქნება.
245 _bლექსები.
245 _cრედ.ფრ.ხალვაში;მხატვ.გ.ხოჯაშვილი.
260 _aბათუმი.
260 _bსაბჭოთა აჭარა.
260 _c1971.
300 _a54გვ;17სმ.
300 _eფოტო პორტრეტი.
653 _aგაგრძელება იქნება.
942 _cBK
999 _c44088
_d44088